| 000 | 00501 a2200169 4500 | ||
|---|---|---|---|
| 999 |
_c1526 _d1526 |
||
| 020 | _a9780071105217 | ||
| 050 | _aHD8066 BUD 2010 | ||
| 100 |
_aBudd, John W. _eauthor |
||
| 245 |
_aLabor Relations: _bStriking a balance _cJohn W. Budd |
||
| 250 | _a3rd | ||
| 264 |
_aNew York _bMcGraw-Hill Irwin _c2010 |
||
| 300 |
_a541p. : _bill. |
||
| 500 | _aIncludes Index | ||
| 650 |
_aIndustrial Relations -- United States _xIndustrial Relations |
||
| 651 | _aUnited States | ||
| 942 |
_2lcc _cBK _e3rd _h8066 _iBUD _kHD |
||